| 000 | 00635nam a2200241Ia 4500 | ||
|---|---|---|---|
| 005 | 20260429112112.0 | ||
| 008 | 260429s9999||||xx |||||||||||||| ||und|| | ||
| 020 | _a9781032987149 | ||
| 041 | _aEnglish | ||
| 082 |
_a515.8 _bHWA |
||
| 100 | _aHwang, Andrew D. | ||
| 245 | 0 |
_aInvitation to real analysis / _cAndrew D. Hwang |
|
| 250 | _a1st ed. | ||
| 260 |
_aBoca Raton : _bCRC Press, _c2026. |
||
| 300 | _axvi, 468 p.; pbk | ||
| 440 | _aTextbooks in mathematics | ||
| 650 | _a Mathematics | ||
| 650 | _a Number theory | ||
| 650 | _aReal analysis | ||
| 700 | _a Rosen, Kennethg H. | ||
| 700 | _aBoggess, Al | ||
| 942 | _cTB | ||
| 999 |
_c52359 _d52359 |
||